00309nam a22001217a 4500082001000000100002400010245006700034260003300101300000900134526001900143650001200162700001300174 aP-151 aCapt Zafar syn no 3 aDesign of Dubble Story Apartment BlockcCapt Zafar, Capt Afzal aRisalpurbMCEc19 April 2000 aP-92 a0b0c0dP_151 aProject aZulfiqar